Countries Ending "A" - Europe Map Sudden Death - Statistics

General Stats
  • This quiz has been taken 8,393 times
  • The average score is 17 of 20
Answers on the Grid
Answers color-coded by a green-red scale on the quiz's grid according to % correct below.
 
Answer Stats
Answer % Correct
Albania, Austria, Bosnia and Herzegovina, Croatia, Greece, Hungary, Italy, Kosovo, Montenegro, North Macedonia, Romania, Serbia, Slovenia
97%
Belarus, Estonia, Latvia, Lithuania, Poland, Russia
96%
Austria, Czechia, Germany, Hungary, Poland, Romania, Slovakia, Slovenia
95%
Bulgaria, Greece, Kosovo, Moldova, Romania, Serbia, (Turkey), Ukraine
94%
Belarus, Hungary, Moldova, Poland, Romania, Russia, Slovakia, Ukraine
93%
Belarus, Russia
91%
Belarus, Russia, Ukraine
91%
Finland, Russia
90%
Albania, Greece, Italy, Malta
90%
Estonia, Finland, Russia, Sweden
89%
Denmark, Estonia, Germany, Latvia, Lithuania, Poland, Russia, Sweden
89%
Austria, Belgium, Czechia, France, Germany, Italy, Liechtenstein, Luxembourg, Netherlands, Switzerland
89%
(Georgia), Russia, (Turkey), Ukraine
88%
Russia
85%
Finland, Norway, Russia, Sweden
81%
(Algeria), Italy, Spain, (Tunisia)
80%
(Algeria), (Morocco), Spain
78%
Andorra, France, Spain
69%
Austria, France, Italy, Monaco, San Marino, Spain, Switzerland, Vatican City
68%
(Cyprus), (Iraq), (Lebanon), (Syria), (Turkey)
65%
No matching quizzes found
Score Distribution
Percent of People with Each Score
Percentile by Number Answered
Your Score History
You have not taken this quiz